[Event "AUTO-ADV-1615"]
[Site "http://www.queenalice.com/game.php?id=715396"]
[Date "2010.1.17"]
[Round "1"]
[White "hamurobi2"]
[Black "Markus1234567"]
[Result "0-1"]
[WhiteElo "1632"]
[BlackElo "1993"]

1. g3 e5 2. Bg2 d5 3. d4 e4 4. e3 c5 5. Ne2 Bg4 6. h3 Bh5 7. Bd2 cxd4 8. exd4
Qb6 9. Bc3 Nc6 10. O-O Bxe2 11. Qxe2 Nf6 12. a3 a6 13. b4 Be7 14. Nd2 Nxd4 15.
Bxd4 Qxd4 16. Nb3 Qb6 17. Kh2 O-O 18. c4 dxc4 19. Nd2 c3 20. Nxe4 Nxe4 21. Qxe4
Rab8 22. Qxe7 Rfe8 23. Qg5 Re2 24. Kg1 c2 25. Bf3 Re6 26. Qf4 Rbe8 27. Qc4 Rf6
0-1

[Event "AUTO-ADV-1615"]
[Site "http://www.queenalice.com/game.php?id=715397"]
[Date "2010.1.17"]
[Round "1"]
[White "Markus1234567"]
[Black "hamurobi2"]
[Result "1-0"]
[WhiteElo "1973"]
[BlackElo "1561"]

1. e4 g6 2. d4 Bg7 3. e5 e6 4. f4 f6 5. Nf3 d6 6. Qe2 Bd7 7. d5 Qe7 8. Nc3 Nh6
9. Nb5 Na6 10. exd6 cxd6 11. Nfd4 e5 12. fxe5 dxe5 13. d6 Qd8 14. Qe4 O-O 15.
Qd5+ Kh8 16. Ne6 Bxe6 17. Qxe6 Nc5 18. Qh3 Nf5 19. b4 Nd7 20. c4 Rf7 21. c5 Nd4
22. Nxd4 exd4 23. Bb5 1-0

[Event "AUTO-ADV-1615"]
[Site "http://www.queenalice.com/game.php?id=715398"]
[Date "2010.1.17"]
[Round "1"]
[White "hamurobi2"]
[Black "Paulsains"]
[Result "0-1"]
[WhiteElo "1687"]
[BlackElo "1738"]

1. g3 e5 2. Bg2 Nf6 3. c4 Bc5 4. h3 O-O 5. Nc3 Nc6 6. Nf3 d5 7. cxd5 Nxd5 8. e4
Nxc3 9. bxc3 h6 10. O-O Be6 11. d3 Qd7 12. Kh2 f5 13. Nh4 f4 14. g4 Rad8 15. Bb2
Qxd3 16. Qxd3 Rxd3 17. a3 Rd2 18. Bc1 Rxf2 19. Rxf2 Bxf2 20. Nf3 Bg3+ 21. Kg1
Rd8 22. Bd2 Na5 23. Be1 Nb3 24. Rb1 Bxe1 25. Nxe1 b6 26. Nf3 Nd2 27. Rb2 Nxf3+
28. Bxf3 Rd3 29. Kg2 Rxc3 30. a4 Ra3 31. Bd1 Rg3+ 32. Kh2 Re3 0-1

[Event "AUTO-ADV-1615"]
[Site "http://www.queenalice.com/game.php?id=715399"]
[Date "2010.1.17"]
[Round "1"]
[White "Paulsains"]
[Black "hamurobi2"]
[Result "1-0"]
[WhiteElo "1856"]
[BlackElo "1618"]

1. e4 d5 2. exd5 Qxd5 3. Nc3 Qd8 4. Nf3 Nc6 5. Bb5 Bd7 6. O-O e6 7. d4 a6 8. Bd3
Be7 9. Be3 Nf6 10. Qd2 Nb4 11. Be2 h6 12. a3 Nbd5 13. Nxd5 exd5 14. Ne5 Be6 15.
h3 Ne4 16. Qc1 Bd6 17. f3 Ng3 18. Re1 Bf5 19. Bf4 Qh4 20. Kh2 Nxe2 21. Rxe2 Qe7
22. Qe1 Be6 23. g3 O-O 24. c4 c6 25. c5 Bc7 26. b4 Rfe8 27. Qd2 1-0

[Event "AUTO-OPEN-1841"]
[Site "http://www.queenalice.com/game.php?id=715462"]
[Date "2010.1.17"]
[Round "1"]
[White "rodriguesr"]
[Black "hamurobi2"]
[Result "1-0"]
[WhiteElo "2017"]
[BlackElo "1605"]

1. d4 d5 2. c4 Nf6 3. Nc3 g6 4. Nf3 Bg7 5. e3 O-O 6. Bd3 Bg4 7. O-O Nh5 8. cxd5
a6 9. h3 Bd7 10. b3 c6 11. dxc6 Bxc6 12. Bb2 b5 13. Rc1 e6 14. Qe2 Nd7 15. Ne4
Bd5 16. Rc2 f5 17. Nc5 Bxf3 18. Qxf3 Nxc5 19. Rxc5 Qd7 20. Rfc1 Nf6 21. Rc7 Qd5
22. Qxd5 Nxd5 23. R7c6 Kf7 24. a3 h5 25. Kf1 Rfe8 26. Ke2 Kg8 27. f3 Kh7 28. g3
Kh6 29. e4 Nf6 30. d5 1-0

[Event "AUTO-OPEN-1841"]
[Site "http://www.queenalice.com/game.php?id=715463"]
[Date "2010.1.17"]
[Round "1"]
[White "hamurobi2"]
[Black "rodriguesr"]
[Result "0-1"]
[WhiteElo "1603"]
[BlackElo "2019"]

1. g3 e5 2. Bg2 d5 3. d4 e4 4. e3 Nf6 5. f3 Be7 6. Nc3 O-O 7. fxe4 Bg4 8. Qd3
Nc6 9. a3 Bh5 10. e5 Bg6 11. Qe2 Nd7 12. e4 Nxd4 13. Qd3 Nc6 14. Nh3 Ncxe5 15.
Qxd5 c6 16. Qd1 Qb6 17. b3 Rfd8 18. Qe2 Nf6 19. Nf4 Rd7 20. Be3 Bc5 21. Na4 Qa5+
22. Bd2 Qxd2+ 23. Qxd2 Rxd2 24. Kxd2 Be7 25. Nc3 Rd8+ 26. Kc1 Nfg4 27. Kb2 Ne3
28. Nxg6 hxg6 29. Bf1 Rd2 30. Rc1 N5g4 0-1

[Event "AUTO-OPEN-1841"]
[Site "http://www.queenalice.com/game.php?id=715484"]
[Date "2010.1.17"]
[Round "1"]
[White "Givanildo"]
[Black "hamurobi2"]
[Result "0-1"]
[WhiteElo "1505"]
[BlackElo "1734"]

1. e3 g6 2. Qf3 Bg7 3. Bc4 e6 4. e4 c5 5. d3 Nc6 6. c3 Nf6 7. h3 h6 8. g4 a6 9.
g5 hxg5 10. Bxg5 Ne5 11. Qf4 d6 12. Nf3 b5 13. Bb3 Nxd3+ 14. Ke2 Nxf4+ 15. Bxf4
c4 16. Bc2 e5 17. Bg5 Rxh3 18. Bxf6 Bxf6 19. Rd1 Bg4 20. Nd2 Kd7 21. a4 Bg5 22.
Rg1 Bxf3+ 23. Nxf3 Bf4 24. a5 Qh8 25. b4 Qh5 26. Bd1 Qxf3+ 27. Kf1 Qxc3 28. Ra2
Rah8 29. Rc2 Qxb4 30. Bg4+ Ke7 31. Bxh3 Qb1+ 32. Kg2 Qxc2 33. Kf3 Rxh3+ 34. Kg4
Rh2 35. f3 Rg2+ 36. Rxg2 Qxg2+ 37. Kh4 Qg3# 0-1

[Event "AUTO-OPEN-1841"]
[Site "http://www.queenalice.com/game.php?id=715485"]
[Date "2010.1.17"]
[Round "1"]
[White "hamurobi2"]
[Black "Givanildo"]
[Result "1-0"]
[WhiteElo "1768"]
[BlackElo "1527"]

1. g3 e6 2. Bg2 Qf6 3. Nf3 g5 4. c3 Bc5 5. d3 b6 6. Bxg5 Qg7 7. Bf4 d6 8. Nh4 e5
9. Bxe5 Qxe5 10. d4 Bxd4 11. Bxa8 Bxf2+ 12. Kxf2 Qf6+ 13. Nf3 Bg4 14. Bb7 Ne7
15. Be4 c6 16. Nd2 d5 17. Bd3 b5 18. Kg2 h5 19. Rf1 h4 20. Nxh4 Qe6 21. Kg1 Qe3+
22. Rf2 Qg5 23. Ndf3 Bxf3 24. Nxf3 Qh6 25. Ne5 O-O 26. Nf3 f6 27. Qd2 Qh5 28.
Nd4 Nd7 29. Raf1 c5 30. Ne6 Rf7 31. Bxb5 Ne5 32. Be8 c4 33. Bxf7+ Kxf7 34. Nf4
Qg4 35. Nxd5 Nxd5 36. Qxd5+ Kg6 37. Rxf6+ Kg7 38. Qxe5 Kg8 39. R1f4 Qg7 40. Qe8+
Kh7 41. Rf7 Qxf7 42. Qxf7+ Kh6 43. Qg8 a5 44. Rh4# 1-0

[Event "AUTO-OPEN-1841"]
[Site "http://www.queenalice.com/game.php?id=715498"]
[Date "2010.1.17"]
[Round "1"]
[White "hamurobi2"]
[Black "Rusty"]
[Result "0-1"]
[WhiteElo "1789"]
[BlackElo "2415"]

1. g3 e5 2. Bg2 Nf6 3. h3 d5 4. Nf3 e4 5. Nh2 Nc6 6. e3 Be6 7. O-O Qd7 8. g4
O-O-O 9. d3 h5 10. g5 Bxh3 11. gxf6 gxf6 12. dxe4 Rg8 0-1

[Event "AUTO-OPEN-1841"]
[Site "http://www.queenalice.com/game.php?id=715499"]
[Date "2010.1.17"]
[Round "1"]
[White "Rusty"]
[Black "hamurobi2"]
[Result "1-0"]
[WhiteElo "2417"]
[BlackElo "1802"]

1. d4 d5 2. c4 Nf6 3. cxd5 Qxd5 4. Nc3 Qd8 5. e4 h6 6. Nf3 Bg4 7. Qb3 b6 8. Ne5
Bh5 9. Bb5+ Nbd7 10. Nd5 e6 11. Nxf6+ Qxf6 12. Bxd7+ Kd8 13. Bc6 Rb8 14. Qa4 Qe7
15. Qxa7 1-0

[Event "AUTO-ADV-1625"]
[Site "http://www.queenalice.com/game.php?id=719490"]
[Date "2010.1.24"]
[Round "1"]
[White "hamurobi2"]
[Black "Lotuz82"]
[Result "0-1"]
[WhiteElo "1630"]
[BlackElo "1726"]

1. g3 d5 2. Bg2 Nf6 3. Nf3 c6 4. O-O Bf5 5. h3 h6 6. d3 e6 7. Ne5 Bd6 8. d4 Nbd7
9. f4 Qc7 10. Nc3 O-O 11. Kh2 Rac8 12. Be3 a6 13. Qd2 c5 0-1

[Event "AUTO-ADV-1625"]
[Site "http://www.queenalice.com/game.php?id=719491"]
[Date "2010.1.24"]
[Round "1"]
[White "Lotuz82"]
[Black "hamurobi2"]
[Result "1-0"]
[WhiteElo "1738"]
[BlackElo "1570"]

1. e4 e5 2. Nf3 d6 3. d4 Nf6 4. dxe5 Nxe4 5. Qd5 Nc5 6. Bg5 Be7 7. exd6 Qxd6 8.
Nc3 Qxd5 9. Nxd5 Bd6 10. O-O-O Nba6 11. Nd4 O-O 12. Bc4 Be6 13. Rhe1 Bxd5 14.
Bxd5 c6 15. Nf5 cxd5 16. Nxd6 1-0

[Event "AUTO-ADV-1625"]
[Site "http://www.queenalice.com/game.php?id=719492"]
[Date "2010.1.24"]
[Round "1"]
[White "hamurobi2"]
[Black "volga1"]
[Result "0-1"]
[WhiteElo "1596"]
[BlackElo "1879"]

1. d3 g6 2. Nc3 Bg7 3. g3 d6 4. e4 Nd7 5. Bg2 e6 6. Nf3 Ne7 7. Be3 b6 8. Ng5 h6
9. Nf3 Bb7 10. O-O O-O 11. Qd2 Kh7 12. Nh4 g5 13. Nf3 f5 14. exf5 Nxf5 15. Bxg5
hxg5 16. Nxg5+ Kg6 17. Nxe6 Qf6 18. Nxf8+ Rxf8 19. Bxb7 Bh6 20. f4 Qd4+ 21. Kh1
Nc5 22. Bc6 Ne3 0-1

[Event "AUTO-ADV-1625"]
[Site "http://www.queenalice.com/game.php?id=719493"]
[Date "2010.1.24"]
[Round "1"]
[White "volga1"]
[Black "hamurobi2"]
[Result "1-0"]
[WhiteElo "1871"]
[BlackElo "1601"]

1. e4 e5 2. Nf3 d6 3. Bc4 h6 4. d4 Qf6 5. dxe5 dxe5 6. Nc3 c6 7. Be3 Bd6 8. Qd2
Ne7 9. O-O-O Bc7 10. h3 Nd7 11. g4 Qxf3 12. Be2 Qf6 13. Rhf1 Nb6 14. g5 Qe6 15.
Bg4 Qg6 16. Bxc8 Rxc8 17. gxh6 Rd8 18. hxg7 Qxg7 19. Qe2 Rxd1+ 20. Qxd1 Rxh3 21.
Bxb6 1-0

[Event "AUTO-ADV-1625"]
[Site "http://www.queenalice.com/game.php?id=719494"]
[Date "2010.1.24"]
[Round "1"]
[White "hamurobi2"]
[Black "garca"]
[Result "0-1"]
[WhiteElo "1585"]
[BlackElo "1784"]

1. g3 e5 2. Bg2 d6 3. e4 Nf6 4. d3 Nc6 5. Nf3 Bg4 6. Nc3 Nd4 7. h3 Bxf3 8. Bxf3
Nxf3+ 9. Qxf3 h6 10. Nd5 Be7 11. Be3 c6 12. Nxe7 Qxe7 13. O-O-O c5 14. Kb1 b5
15. c3 c4 16. dxc4 bxc4 17. Rd2 O-O 18. g4 Nh7 19. h4 Rfb8 20. g5 hxg5 21. hxg5
Nxg5 22. Qh5 f6 23. f3 Qe8 0-1

[Event "AUTO-ADV-1625"]
[Site "http://www.queenalice.com/game.php?id=719495"]
[Date "2010.1.24"]
[Round "1"]
[White "garca"]
[Black "hamurobi2"]
[Result "1-0"]
[WhiteElo "1792"]
[BlackElo "1577"]

1. e4 e5 2. Nf3 Nc6 3. d3 Bc5 4. Nc3 Nd4 5. Nxe5 d6 6. Nf3 Bg4 7. Be2 Nf6 8.
Nxd4 Bxe2 9. Ndxe2 h6 10. Bd2 O-O 11. Na4 Qe7 12. Nxc5 dxc5 13. c4 Rfd8 14. Be3
Nxe4 15. Qc2 Nf6 16. O-O-O b6 17. a4 Re8 18. Ng3 Ng4 19. Rde1 Qd6 20. Nf5 Qc6
21. h3 Nf6 22. Qd2 g6 23. Nxh6+ Kh7 24. Ng4 Nh5 25. b3 Qxg2 26. Reg1 Qf3 27. Re1
Rad8 28. Bg5 Rxd3 29. Qa2 1-0